Logos de la Premier League - Mort subite - Statistiques

Statistiques générales
  • Ce quiz a été pris 1 791 fois
    598 depuis la dernière actualisation
  • Le résultat moyen est 13 sur 20
Answers on the Grid
Answers color-coded by a green-red scale on the quiz's grid according to % correct below.
 
Statistiques - réponses
Réponse % Correct
72%
70%
70%
69%
68%
68%
68%
68%
67%
64%
64%
64%
63%
62%
60%
58%
55%
55%
53%
48%
Aucun quiz correspondant
Distribution des résultats
% des personnes avec chaque résultat
Percentile par nombre de réponses
Votre historique - résultats
Vous n’avez pas pris ce quiz depuis la dernière actualisation